[Event "Benidorm FEDC op 20th"]
[Site "Benidorm"]
[Date "2018.06.16"]
[Round "7"]
[White "Delgado Lagares, Francisco Javier"]
[Black "Redondo Maguregui, Juan Manuel"]
[Result "0-1"]
[WhiteElo "1745"]
[BlackElo "1686"]
[PlyCount "106"]
[EventDate "2018.06.10"]
[EventType "swiss"]
[EventRounds "7"]
[EventCountry "ESP"]
[SourceTitle "CBM 184 Extra"]
[Source "ChessBase"]
[SourceDate "2018.06.28"]
[SourceVersion "1"]
[SourceVersionDate "2018.06.28"]
[SourceQuality "1"]

1. e4 c5 2. Nf3 e6 3. d4 cxd4 4. Nxd4 a6 5. c4 Nc6 6. Be3 Nf6 7. Nc3 Bb4 8. f3 0-0 9. Nxc6 bxc6 10. e5 Ne8 11. Qd4 c5 12. Qe4 Rb8 13. Bd3 g6 14. Bh6 Ng7 15. h4 Bb7 16. Qe3 d5 17. exd6 Qxd6 18. 0-0-0 Bxc3 19. bxc3 Qb6 20. Qf2 Qa5 21. Qc2 Bc6 22. Qe2 Qa3+ 23. Kd2 Rb2+ 24. Bc2 Ba4 25. Rc1 Rd8+ 26. Ke1 Qxc3+ 27. Bd2 Qa3 28. Bg5 Rxa2 29. Kf2 Rb8 30. Rhd1 Nf5 31. Bf6 Rxc2 32. Rxc2 Bxc2 33. Qe5 Qe3+ 34. Kf1 Bd3+ 35. Rxd3 Qxd3+ 36. Kf2 Qe3+ 37. Qxe3 Nxe3 38. Kxe3 Rb4 39. Kd3 Rb3+ 40. Kc2 Re3 41. Be7 Re5 42. Kd3 a5 43. Bd6 Rf5 44. Ke4 a4 45. g4 f6 46. gxf5 exf5+ 47. Kd3 g5 48. hxg5 fxg5 49. Bxc5 Kf7 50. Kc3 h5 51. Be3 f4 52. Bg1 g4 53. Kd3 a3 0-1

[Event "Benidorm FEDC op 20th"]
[Site "Benidorm"]
[Date "2018.06.14"]
[Round "5"]
[White "Garcia Andrinal, Antonio"]
[Black "Redondo Maguregui, Juan Manuel"]
[Result "0-1"]
[WhiteElo "1701"]
[BlackElo "1686"]
[PlyCount "78"]
[EventDate "2018.06.10"]
[EventType "swiss"]
[EventRounds "7"]
[EventCountry "ESP"]
[SourceTitle "CBM 184 Extra"]
[Source "ChessBase"]
[SourceDate "2018.06.28"]
[SourceVersion "1"]
[SourceVersionDate "2018.06.28"]
[SourceQuality "1"]

1. e4 c5 2. Nf3 e6 3. d4 cxd4 4. Nxd4 a6 5. Nc3 Qc7 6. Be2 Nc6 7. 0-0 Nf6 8. Nxc6 bxc6 9. f4 d5 10. e5 Nd7 11. Qe1 Bb7 12. Bf3 Rb8 13. Qg3 c5 14. Kh1 g6 15. Re1 h5 16. Nxd5 exd5 17. e6 Nf6 18. Qg5 Be7 19. h3 Ne4 20. exf7+ Kxf7 21. Qe5 Qxe5 22. fxe5 Bh4 23. Re3 Bf2 24. Ra3 Bd4 25. Bf4 Bxb2 26. e6+ Kxe6 27. Bxb8 Rxb8 28. Rb3 Bxa1 29. c4 Be5 30. g4 d4 31. Kg2 Bc6 32. Rxb8 Bxb8 33. gxh5 gxh5 34. Kg1 h4 35. Bg4+ Ke5 36. Kf1 Ba7 37. Ke1 Kf4 38. Bc8 a5 39. Ke2 Nc3+ 0-1

[Event "Benidorm FEDC op 20th"]
[Site "Benidorm"]
[Date "2018.06.10"]
[Round "1"]
[White "Redondo Maguregui, Juan Manuel"]
[Black "San Isidoro Castillo, Jose"]
[Result "1-0"]
[WhiteElo "1686"]
[BlackElo "1389"]
[PlyCount "81"]
[EventDate "2018.06.10"]
[EventType "swiss"]
[EventRounds "7"]
[EventCountry "ESP"]
[SourceTitle "CBM 184 Extra"]
[Source "ChessBase"]
[SourceDate "2018.06.28"]
[SourceVersion "1"]
[SourceVersionDate "2018.06.28"]
[SourceQuality "1"]

1. c4 c5 2. Nf3 b6 3. d4 cxd4 4. Nxd4 Bb7 5. Nc3 e6 6. e4 Bb4 7. Bd3 d6 8. Qa4+ Nc6 9. Bd2 Bxc3 10. Bxc3 Qd7 11. Nf3 e5 12. b4 Nf6 13. b5 Ne7 14. Qc2 0-0 15. 0-0 Ng6 16. g3 Qg4 17. Nd2 Nf4 18. f3 Nh3+ 19. Kg2 Qh5 20. Bb4 Rfd8 21. a4 Ng5 22. a5 bxa5 23. Rxa5 Qh3+ 24. Kg1 Qd7 25. Rfa1 Bc8 26. Qa4 a6 27. bxa6 Qxa4 28. R5xa4 Ne6 29. Nb3 Nc5 30. Bxc5 dxc5 31. Nxc5 Rd6 32. R1a3 Ne8 33. Nb7 Rd7 34. c5 Rc7 35. Bb5 Nf6 36. Rd3 Kf8 37. c6 Ne8 38. f4 f6 39. fxe5 fxe5 40. Rd5 Rf7 41. Rxe5 1-0

[Event "Almunecar FEDC op 19th"]
[Site "Almunecar"]
[Date "2017.10.01"]
[Round "2.1"]
[White "Septien Lopez, Valeriano"]
[Black "Redondo Maguregui, Juan Manuel"]
[Result "1-0"]
[WhiteElo "1873"]
[BlackElo "1647"]
[PlyCount "61"]
[EventDate "2017.09.30"]
[EventType "swiss"]
[EventRounds "7"]
[EventCountry "ESP"]
[SourceTitle "EXT 2024"]
[Source "ChessBase"]
[SourceDate "2023.10.10"]
[SourceVersion "1"]
[SourceVersionDate "2023.10.10"]
[SourceQuality "1"]

1. e4 c5 2. d3 Nc6 3. g3 g6 4. Bg2 Bg7 5. f4 d6 6. Nf3 Bg4 7. Nbd2 Rb8 8. h3 Bd7 9. 0-0 b5 10. Nh4 Nh6 11. Ndf3 Qc8 12. Kh2 b4 13. f5 gxf5 14. Bxh6 Bxh6 15. Nxf5 Bxf5 16. exf5 Bg7 17. Rb1 Qa6 18. Ng5 h6 19. Ne4 Qxa2 20. Nxd6+ Kd7 21. Nc4 b3 22. cxb3 Qxb3 23. Qxb3 Rxb3 24. Bxc6+ Kc7 25. Be4 Rg8 26. Ra1 Kb8 27. Ra3 Rb4 28. Rfa1 Rxc4 29. dxc4 Be5 30. Rb3+ Kc8 31. Rxa7 1-0

[Event "Benidorm op 18th"]
[Site "Benidorm"]
[Date "2017.06.14"]
[Round "4"]
[White "Redondo Maguregui, Juan Manuel"]
[Black "Fernandez Cabrero, Fernando"]
[Result "1-0"]
[WhiteElo "1624"]
[BlackElo "1638"]
[PlyCount "22"]
[EventDate "2017.06.11"]
[EventType "swiss"]
[EventRounds "7"]
[EventCountry "ESP"]
[SourceTitle "EXT 2018"]
[Source "ChessBase"]
[SourceDate "2017.10.13"]
[SourceVersion "1"]
[SourceVersionDate "2017.10.13"]
[SourceQuality "1"]

1. c4 Nf6 2. Nf3 g6 3. b4 Bg7 4. Bb2 0-0 5. g3 c6 6. Bg2 Qb6 7. a3 d6 8. 0-0 a5 9. Qa4 Be6 10. b5 Nbd7 11. d4 Nh5 1-0

[Event "Almunecar FEDC op 17th"]
[Site "Almunecar"]
[Date "2016.09.27"]
[Round "3"]
[White "Guillen Andreu, Francisco"]
[Black "Redondo Maguregui, Juan Manuel"]
[Result "0-1"]
[WhiteElo "1773"]
[BlackElo "1668"]
[PlyCount "88"]
[EventDate "2016.09.25"]
[EventType "swiss"]
[EventRounds "7"]
[EventCountry "ESP"]
[SourceTitle "EXT 2017"]
[Source "ChessBase"]
[SourceDate "2016.10.25"]
[SourceVersion "1"]
[SourceVersionDate "2016.10.25"]
[SourceQuality "1"]

1. d4 c5 2. d5 d6 3. c4 g6 4. Nc3 Bg7 5. Nf3 Nd7 6. Bf4 f5 7. Qc2 Ne5 8. Nxe5 dxe5 9. Bg5 h6 10. Bd2 Nf6 11. h3 e6 12. dxe6 Bxe6 13. Rd1 Qe7 14. e3 0-0 15. Bd3 Qf7 16. b3 e4 17. Be2 g5 18. f3 Nh5 19. 0-0 Ng3 20. Rf2 Qg6 21. fxe4 fxe4 22. Rxf8+ Rxf8 23. Be1 Nxe2+ 24. Nxe2 g4 25. Nf4 Qf5 26. Nxe6 Qxe6 27. h4 Be5 28. g3 Rf3 29. Qxe4 Rxe3 30. Rd8+ Kg7 31. Qxb7+ Kg6 32. Bf2 Bxg3 33. Rg8+ Kh5 34. Qd5+ Qxd5 35. cxd5 Bxf2+ 36. Kxf2 Rd3 37. Re8 Kxh4 38. Re3 Rxd5 39. Re2 h5 40. Kg2 Rf5 41. Rc2 Re5 42. Rf2 Kg5 43. Rf8 Re2+ 44. Kg3 h4# 0-1

[Event "Almunecar FEDC op 17th"]
[Site "Almunecar"]
[Date "2016.09.26"]
[Round "2"]
[White "Redondo Maguregui, Juan Manuel"]
[Black "Septien Lopez, Valeriano"]
[Result "1/2-1/2"]
[WhiteElo "1668"]
[BlackElo "1872"]
[PlyCount "66"]
[EventDate "2016.09.25"]
[EventType "swiss"]
[EventRounds "7"]
[EventCountry "ESP"]
[SourceTitle "EXT 2017"]
[Source "ChessBase"]
[SourceDate "2016.10.25"]
[SourceVersion "1"]
[SourceVersionDate "2016.10.25"]
[SourceQuality "1"]

1. c4 e5 2. Nc3 Nf6 3. Nf3 Nc6 4. g3 d5 5. cxd5 Nxd5 6. Bg2 Nb6 7. 0-0 Be7 8. a3 0-0 9. b4 a6 10. d3 Bg4 11. Bb2 Qd7 12. Re1 Rad8 13. Ne4 f6 14. Rc1 Rfe8 15. Nc5 Bxc5 16. bxc5 Nd5 17. Nd2 Kh8 18. Rc4 Bh3 19. Bh1 Nf4 20. Nf1 Ng6 21. Ne3 Be6 22. Ra4 f5 23. Ng2 Qf7 24. Nh4 Nge7 25. Qa1 Bb3 26. Rb4 Nxb4 27. axb4 c6 28. Bxe5 Kg8 29. f4 Bd5 30. Nf3 h6 31. e4 Be6 32. Nd4 Ng6 33. exf5 Bxf5 1/2-1/2

[Event "Benidorm FEDC op 14th"]
[Site "Benidorm"]
[Date "2014.06.10"]
[Round "3"]
[White "Mesa Garcia, Angel"]
[Black "Redondo Maguregui, Juan Manuel"]
[Result "0-1"]
[WhiteElo "1700"]
[BlackElo "1761"]
[PlyCount "74"]
[EventDate "2014.06.08"]
[EventType "swiss"]
[EventRounds "7"]
[EventCountry "ESP"]
[SourceTitle "EXT 2016"]
[Source "ChessBase"]
[SourceDate "2015.10.08"]
[SourceVersion "1"]
[SourceVersionDate "2015.10.08"]
[SourceQuality "1"]

1. d4 c5 2. c3 e6 3. Nf3 Nf6 4. Bf4 Nc6 5. e3 a6 6. Bd3 b5 7. dxc5 Bxc5 8. Nbd2 Bb7 9. Bg5 d5 10. 0-0 h6 11. Bh4 Bd6 12. Bxf6 Qxf6 13. e4 d4 14. cxd4 Nxd4 15. Rb1 e5 16. Nxd4 exd4 17. Nf3 Rd8 18. Re1 Bc5 19. b4 Bb6 20. a4 Bc6 21. axb5 axb5 22. Nd2 0-0 23. Nb3 Qe5 24. Na5 Bd7 25. Qd2 Rc8 26. f4 Qd6 27. Nb7 Qc7 28. Na5 Qc3 29. Red1 Bg4 30. Qe1 Bxd1 31. Rxd1 Qxe1+ 32. Rxe1 Rc3 33. Rd1 Rfc8 34. Rd2 Ra3 35. Nb7 Rcc3 36. Nc5 Bxc5 37. bxc5 Rxd3 0-1

[Event "Benidorm op U2000 11th"]
[Site "Benidorm"]
[Date "2012.11.30"]
[Round "1"]
[White "Redondo Maguregui, Juan Manuel"]
[Black "Muniz Giron, Carlos"]
[Result "1/2-1/2"]
[WhiteElo "1743"]
[BlackElo "1963"]
[PlyCount "37"]
[EventDate "2012.11.30"]
[EventType "swiss"]
[EventRounds "10"]
[EventCountry "ESP"]
[SourceTitle "EXT 2014"]
[Source "ChessBase"]
[SourceDate "2013.11.20"]
[SourceVersion "1"]
[SourceVersionDate "2013.11.20"]
[SourceQuality "1"]

1. c4 e5 2. Nc3 Nf6 3. Nf3 Bb4 4. Nxe5 Qe7 5. Nf3 0-0 6. e3 Nc6 7. a3 Bxc3 8. bxc3 d6 9. d4 Bg4 10. Be2 Ne4 11. Qc2 Rae8 12. 0-0 Na5 13. Rb1 b6 14. Rb4 c5 15. Rb1 Bf5 16. Bd3 Qf6 17. Nd2 Qg6 18. Nb3 Nxc4 19. f3 1/2-1/2

[Event "Salou op 14th"]
[Site "Salou"]
[Date "2011.06.20"]
[Round "2"]
[White "Redondo Maguregui, Juan Manuel"]
[Black "Septien Lopez, Valeriano"]
[Result "1-0"]
[WhiteElo "1724"]
[BlackElo "1888"]
[PlyCount "81"]
[EventDate "2011.06.19"]
[EventType "swiss"]
[EventRounds "7"]
[EventCountry "ESP"]
[SourceTitle "CBM 143 Extra"]
[Source "ChessBase"]
[SourceDate "2011.08.29"]
[SourceVersion "1"]
[SourceVersionDate "2011.08.29"]
[SourceQuality "1"]

1. e4 c5 2. Nf3 e6 3. d4 cxd4 4. Nxd4 Nc6 5. Be2 Qc7 6. 0-0 Nf6 7. Bf3 Nxd4 8. Qxd4 Bc5 9. Qd3 0-0 10. c4 d6 11. Nc3 a6 12. a3 Nd7 13. Bf4 Ne5 14. Bxe5 dxe5 15. Rad1 b6 16. Rd2 Bb7 17. Rfd1 Rac8 18. Qd7 Bd4 19. Qxc7 Rxc7 20. Ne2 Bc5 21. Rd7 Rfc8 22. h3 g6 23. b4 Bf8 24. Nc3 Rxc4 25. Rxb7 Rxc3 26. Rdd7 Rxa3 27. Rxf7 a5 28. Bg4 Rc6 29. Rf6 Ra1+ 30. Kh2 Rac1 31. Bxe6+ Rxe6 32. Rxe6 Rc8 33. bxa5 bxa5 34. g3 Ra8 35. Rxe5 a4 36. Rbb5 a3 37. Ra5 Rc8 38. Ra7 Bc5 39. Ra5 Bxf2 40. Rxa3 Kf7 41. Rf3+ 1-0

[Event "ESP-ch blind 22nd"]
[Site "Benidorm"]
[Date "2010.11.18"]
[Round "5"]
[White "Redondo Maguregui, Juan Manuel"]
[Black "Lago Carballo, Carmen"]
[Result "1-0"]
[WhiteElo "1694"]
[BlackElo "1416"]
[PlyCount "35"]
[EventDate "2010.11.14"]
[EventType "swiss"]
[EventRounds "8"]
[EventCountry "ESP"]
[SourceTitle "CBM 139 Extra"]
[Source "ChessBase"]
[SourceDate "2011.01.05"]
[SourceVersion "1"]
[SourceVersionDate "2011.01.05"]
[SourceQuality "1"]

1. c4 c6 2. Nc3 Nf6 3. Nf3 d5 4. e3 Bf5 5. Qb3 b6 6. cxd5 Nxd5 7. Nxd5 Be6 8. e4 Bxd5 9. exd5 Qxd5 10. Qxd5 cxd5 11. Bb5+ Nd7 12. Ne5 Rd8 13. Nxd7 Rxd7 14. d4 g6 15. 0-0 Bg7 16. Be3 h5 17. Rac1 Kd8 18. Bxd7 1-0

[Event "ESP-chT1 Once"]
[Site "Fuengirola"]
[Date "2009.11.23"]
[Round "2.3"]
[White "Garcia Cervigon, Juan Pablo"]
[Black "Redondo Maguregui, Juan Manuel"]
[Result "1-0"]
[WhiteElo "1818"]
[BlackElo "1628"]
[PlyCount "93"]
[EventDate "2009.11.22"]
[EventType "team-tourn"]
[EventRounds "7"]
[EventCountry "ESP"]
[SourceTitle "CBM 133 Extra"]
[Source "ChessBase"]
[SourceDate "2010.01.05"]
[SourceVersion "1"]
[SourceVersionDate "2010.01.05"]
[SourceQuality "1"]

1. e4 c5 2. Nf3 e6 3. d4 cxd4 4. Nxd4 a6 5. Nc3 Nc6 6. Be3 Qc7 7. Be2 g6 8. Qd2 Bg7 9. 0-0 h5 10. f4 Nge7 11. Rad1 Rb8 12. Kh1 b5 13. Bf3 Bb7 14. f5 b4 15. Nce2 Be5 16. Bg1 h4 17. Bg4 h3 18. Bxh3 gxf5 19. Nf3 fxe4 20. Nxe5 Nxe5 21. Qf4 Rxh3 22. Bd4 N7g6 23. Bxe5 Nxe5 24. gxh3 Qc6 25. Nd4 Qc5 26. Qf6 e3+ 27. Nf3 Bxf3+ 28. Rxf3 Nxf3 29. Qxf3 d5 30. Re1 d4 31. Qf6 Rd8 32. Rf1 Qe7 33. Qh8+ Qf8 34. Qf6 Rd5 35. Qf4 f5 36. h4 Qf6 37. Qb8+ Kf7 38. Rg1 Rd8 39. Qc7+ Kf8 40. Qh7 Qf7 41. Qh6+ Ke8 42. Rg7 Rc8 43. Qh8+ Qf8 44. Rg8 Ke7 45. Rxf8 Rxf8 46. Qxd4 f4 47. Qxb4+ 1-0

[Event "Bilbao-ch blind 21st"]
[Site "Bilbao"]
[Date "2008.11.18"]
[Round "3"]
[White "Menendez Solar, Jose Carlos"]
[Black "Redondo Maguregui, Juan Manuel"]
[Result "1-0"]
[WhiteElo "1863"]
[BlackElo "1656"]
[PlyCount "57"]
[EventDate "2008.11.16"]
[EventType "swiss"]
[EventRounds "8"]
[EventCountry "ESP"]
[SourceTitle "CBM 127 Extra"]
[Source "ChessBase"]
[SourceDate "2009.01.08"]
[SourceVersion "2"]
[SourceVersionDate "2009.01.28"]
[SourceQuality "1"]

1. d4 f5 2. c4 e6 3. Nf3 Nf6 4. Nc3 c6 5. Bf4 b6 6. e3 Bb7 7. Bd3 Be7 8. 0-0 d6 9. e4 g6 10. exf5 gxf5 11. Ng5 Bc8 12. Re1 Qc7 13. Nxe6 Bxe6 14. Rxe6 Kf7 15. Bxf5 Nbd7 16. b4 Nf8 17. Re3 Ng6 18. Bg3 h5 19. h3 h4 20. Bh2 Rag8 21. Be6+ Kf8 22. Bxg8 Rxg8 23. Qf3 Qd7 24. Rae1 Kg7 25. Ne4 Rf8 26. Ng5 Rf7 27. Nxf7 Kxf7 28. Re6 Ne5 29. Rxe7+ 1-0